000 00551nam a2200205 a 4500
001 10214
003 CO-ViMGA
008 141112s2004 ck r 000 u spa d
020 _a9586120988
040 _aCO-ViMGA
_bspa
_cCO-ViMGA
082 0 4 _aCo868.5 V15r
100 1 _aValencia ; Reinaldo,
_913283
245 1 0 _aRio Abajo
260 _aSantafé de Bogotá :
_bColcultrua,
_c1992
300 _a12p.
490 _aBiblioteca del Darien
650 1 4 _aCOLECCIONES DE ESCRITORES
_913284
650 1 4 _aLITERATURA COLOMBIANAS
_913285
942 _2ddc
_cBK
999 _c21586
_d21586